COMMUNICABLE DISEASES (Record no. 27603)

MARC details
000 -LEADER
fixed length control field 00403nam a22001577a 4500
003 - CONTROL NUMBER IDENTIFIER
control field OSt
005 - DATE AND TIME OF LATEST TRANSACTION
control field 20220124105314.0
008 - FIXED-LENGTH DATA ELEMENTS--GENERAL INFORMATION
fixed length control field 220124b |||||||| |||| 00| 0 eng d
040 ## - CATALOGING SOURCE
Original cataloging agency DDC
Transcribing agency HU
082 ## - DEWEY DECIMAL CLASSIFICATION NUMBER
Edition number 1ST
Classification number 616.9
Item number 1
100 ## - MAIN ENTRY--PERSONAL NAME
Personal name ESHUIS JAN
9 (RLIN) 28425
245 ## - TITLE STATEMENT
Title COMMUNICABLE DISEASES
250 ## - EDITION STATEMENT
Edition statement 1ST
260 ## - PUBLICATION, DISTRIBUTION, ETC.
Place of publication, distribution, etc. NAIROBI
Name of publisher, distributor, etc. AFRICAN MEDICAL AND RESEARCH FOUNDATION
Date of publication, distribution, etc. 1978
942 ## - ADDED ENTRY ELEMENTS (KOHA)
Source of classification or shelving scheme Dewey Decimal Classification
Koha item type Books like text book referance book
Suppress in OPAC No
Holdings
Withdrawn status Lost status Source of classification or shelving scheme Damaged status Not for loan Home library Current library Date acquired Total Checkouts Full call number Barcode Date last seen Copy number Price effective from Koha item type
    Dewey Decimal Classification     College of Medicine and Health’s Sciences Library College of Medicine and Health’s Sciences Library 01/24/2022   616.9-E7-1978 CMHSL00007756 01/24/2022 1 01/24/2022 Books like text book referance book